[Event "EU-ch U16 24th"]
[Site "Batumi"]
[Date "2014.10.26"]
[Round "7"]
[White "Sajaia, Lasha"]
[Black "Panasenko, Alexandr"]
[Result "1/2-1/2"]
[WhiteElo "1595"]
[BlackElo "1823"]
[PlyCount "82"]
[EventDate "2014.10.19"]
[EventType "swiss"]
[EventRounds "9"]
[EventCountry "GEO"]
[SourceTitle "EXT 2015"]
[Source "ChessBase"]
[SourceDate "2014.11.20"]
[SourceVersion "1"]
[SourceVersionDate "2014.11.20"]
[SourceQuality "1"]

1. d4 Nf6 2. Nf3 d5 3. Bg5 Nbd7 4. Nbd2 e6 5. e3 Be7 6. Bd3 0-0 7. 0-0 b6 8. Ne5 Bb7 9. f4 c5 10. c3 Ne4 11. Bxe7 Qxe7 12. Nxe4 dxe4 13. Bc4 Nxe5 14. fxe5 Qg5 15. Qe2 Bd5 16. Rae1 Rac8 17. Bb3 f6 18. exf6 Rxf6 19. Rxf6 gxf6 20. c4 Bb7 21. d5 e5 22. Bc2 f5 23. Rf1 Rf8 24. Qf2 Ba6 25. b3 Qg7 26. a4 Bc8 27. Qh4 h6 28. Qf2 Bd7 29. Kh1 a5 30. Rg1 Qg5 31. Rf1 Qg7 32. Qd2 Qe7 33. g3 Qd6 34. Rf2 Rf6 35. Bd1 Qe7 36. Be2 Kg7 37. Bf1 Be8 38. Qe2 Bg6 39. Bh3 Qf8 40. Kg1 h5 41. Qb2 Qd6 1/2-1/2

[Event "EU-ch U16 24th"]
[Site "Batumi"]
[Date "2014.10.23"]
[Round "5"]
[White "Drygalov, Andrey"]
[Black "Sajaia, Lasha"]
[Result "1-0"]
[WhiteElo "2147"]
[BlackElo "1595"]
[PlyCount "61"]
[EventDate "2014.10.19"]
[EventType "swiss"]
[EventRounds "9"]
[EventCountry "GEO"]
[SourceTitle "EXT 2015"]
[Source "ChessBase"]
[SourceDate "2014.11.20"]
[SourceVersion "1"]
[SourceVersionDate "2014.11.20"]
[SourceQuality "1"]

1. Nf3 d5 2. d4 Nf6 3. c4 c6 4. e3 g6 5. Nc3 Bg7 6. Bd3 0-0 7. 0-0 Nbd7 8. b3 dxc4 9. Bxc4 c5 10. Bb2 cxd4 11. Nxd4 a6 12. Rc1 e5 13. Nde2 b5 14. Bd5 Rb8 15. Bc6 Bb7 16. Bxb7 Rxb7 17. Nd5 Re8 18. Ba3 Nb6 19. Ne7+ Kh8 20. Nc6 Qa8 21. Bb2 Rd7 22. Qe1 Nfd5 23. e4 Nc7 24. Qb4 Re6 25. Qc5 Rdd6 26. Nxe5 Kg8 27. Qxc7 Qe8 28. Nf4 Bxe5 29. Nxe6 Qxe6 30. Bxe5 Qxe5 31. Rc6 1-0